000 00433nam a22001697a 4500
005 20180904142159.0
008 160621b xxu||||| |||| 00| 0 eng d
020 _a978-0-07-063583-8
041 _aeng
082 _b8745
_a658.4013
100 _aAnthony, Robert N and govind ranjan,Vijay
_92394
245 _aManagement Control Systems
260 _bTMH
_c2007
_adelhi
300 _a743p,
650 _aManagement
_9241
942 _cBK
999 _c3385
_d3384